Presencia de Calixta Guiteras Holmes en Chiapas (Record no. 10154)

MARC details
000 -CABECERA
campo de control de longitud fija 01204nam a2200265 a 4500
001 - NÚMERO DE CONTROL
campo de control BRL_1342
005 - FECHA Y HORA DE LA ÚLTIMA TRANSACCIÓN
campo de control 20190320211146.0
008 - DATOS DE LONGITUD FIJA--INFORMACIÓN GENERAL
campo de control de longitud fija 070114s1994----mx-#######---#000-0#spa-#
041 ## - CÓDIGO DE LENGUA
Código de lengua del texto/banda sonora o título independiente spa
044 ## - CÓDIGO DEL PAÍS DE LA ENTIDAD EDITORA/PRODUCTORA
Código MARC del país mx
050 #4 - SIGNATURA TOPOGRÁFICA DE LA BIBLIOTECA DEL CONGRESO
Número de clasificación F1221.T9
Número de documento/Ítem .P74 1994
245 10 - MENCIÓN DE TÍTULO
Título Presencia de Calixta Guiteras Holmes en Chiapas
Mención de responsabilidad, etc. Víctor Manuel Esponda Jimeno ... [et al.].
260 ## - PUBLICACIÓN, DISTRIBUCIÓN, ETC.
Lugar de publicación, distribución, etc. Tuxtla Gutiérrez, Chiapas, México
Nombre del editor, distribuidor, etc. Gobierno del Estado de Chiapas, Consejo Estatal de Fomento a la Investigación y Difusión de la Cultura DIF-CHIAPAS, Instituto Chiapaneco de Cultura
Fecha de publicación, distribución, etc. 1994
300 ## - DESCRIPCIÓN FÍSICA
Extensión 68 p.
Dimensiones 22 cm.
440 #0 - MENCIÓN DE SERIE/PUNTO DE ACCESO ADICIONAL--TÍTULO
Título Cuadernos ocasionales
9 (RLIN) 421
505 0# - NOTA DE CONTENIDO CON FORMATO
Nota de contenido con formato Visión del mundo y sistemas de creencias en San Pedro Chenalhó (inédito) por Calixta Guiteras Holmes, p. 25-68
600 14 - PUNTO DE ACCESO ADICIONAL DE MATERIA--NOMBRE DE PERSONA
Nombre de persona Guiteras Holmes, Calixta
Fechas asociadas al nombre 1905-1988
9 (RLIN) 26581
650 14 - PUNTO DE ACCESO ADICIONAL DE MATERIA--TÉRMINO DE MATERIA
Término de materia o nombre geográfico como elemento de entrada Indígenas Tzotzil
9 (RLIN) 23239
650 14 - PUNTO DE ACCESO ADICIONAL DE MATERIA--TÉRMINO DE MATERIA
Término de materia o nombre geográfico como elemento de entrada Etnologistas
Subdivisión de forma Biografía
Subdivisión geográfica Cuba
9 (RLIN) 26582
651 #4 - PUNTO DE ACCESO ADICIONAL DE MATERIA--NOMBRE GEOGRÁFICO
Nombre geográfico Chenalhó (México)
Subdivisión general Vida social y costumbres
9 (RLIN) 26583
700 1# - PUNTO DE ACCESO ADICIONAL--NOMBRE DE PERSONA
Nombre de persona Esponda Jimeno, Víctor Manuel
9 (RLIN) 26584
740 0# - PUNTO DE ACCESO ADICIONAL--TÍTULO RELACIONADO O ANALÍTICO NO CONTROLADO
Título relacionado o analítico no controlado Visión del mundo y sistemas de creencias en San Pedro Chenalhó
740 0# - PUNTO DE ACCESO ADICIONAL--TÍTULO RELACIONADO O ANALÍTICO NO CONTROLADO
Título relacionado o analítico no controlado World view and belief system in San Pedro Chenalhó
942 ## - ELEMENTOS DE PUNTO DE ACCESO ADICIONAL (KOHA)
Fuente del sistema de clasificación o colocación Library of Congress Classification
Tipo de ítem Koha Libros
Holdings
Estado de retiro Estado de pérdida Estado dañado No para préstamo Localización permanente Ubicación/localización actual Fecha de adquisición Total de préstamos Signatura topográfica completa Código de barras Fecha visto por última vez Precio válido a partir de Tipo de ítem Koha
El ejemplar forma parte de la colección y puede ser consultado según las políticas vigentes.       Biblioteca Centro de Estudios Ruth D. Lechuga Biblioteca Centro de Estudios Ruth D. Lechuga 07/01/2014   F1221.T9 .P74 1994 00026 22/03/2019 22/03/2019 Libros